000 00286nam a2200109Ia 4500
008 230907s9999||||xx |||||||||||||| ||und||
082 _a621.199
_bSHI
100 _aShi, Yang,
_9115686
245 0 _aCombined cooling, heating, and power systems :
300 _axxxiv, 161 p.
942 _cBK
999 _c601315
_d601315